MULTIPLE DECREMENT MODELS IN INSURANCE (Record no. 20896)

MARC details
000 -LEADER
fixed length control field 00332nam a2200133Ia 4500
008 - FIXED-LENGTH DATA ELEMENTS--GENERAL INFORMATION
fixed length control field 240624s9999 xx 000 0 und d
041 ## - LANGUAGE CODE
Language code of text/sound track or separate title eng
082 ## - DEWEY DECIMAL CLASSIFICATION NUMBER
Classification number 368 DES
100 ## - MAIN ENTRY--PERSONAL NAME
Personal name DESHMUKH SHAILAJA
245 ## - TITLE STATEMENT
Title MULTIPLE DECREMENT MODELS IN INSURANCE
260 ## - PUBLICATION, DISTRIBUTION, ETC.
Date of publication, distribution, etc. 2012
Place of publication, distribution, etc. Pune
Name of publisher, distributor, etc. Springer
300 ## - PHYSICAL DESCRIPTION
Extent 220 : p. : cm ; 24
365 ## - TRADE PRICE
Currency code RS
Holdings
Withdrawn status Lost status Damaged status Not for loan Home library Current library Shelving location Date acquired Cost, normal purchase price Full call number Barcode Date last seen Copy number Price effective from Koha item type
        IMTN IMTN Rack 16-A 01/04/2013 3713.00 368 DES 20896 06/24/2024 1 06/24/2024 Books
Designed & Maintained by: LRC IMT Nagpur Contact: lrc@imtnag.ac.in© 2024. All Rights Reserved.